Más pesa el rey que la sangre

Guardat en:
Dades bibliogràfiques
Autor principal: Vélez de Guevara, Luis (Autor)
Format: Llibre
Idioma:espanyol
Publicat: Zaragoza Ebro 1976
Col·lecció:Biblioteca Clásica Ebro. Clásicos Españoles, 134
Matèries:
Etiquetes: Afegir etiqueta
Sense etiquetes, Sigues el primer a etiquetar aquest registre!

MARC

LEADER 00000nam a2200000 a 4500
001 UCQ6131
003 CL-VaPUC
008 981009e19760000SP |||||||||||||||||spa|d
082 0 4 |a 862  |b VEL  |2 21 
100 0 |a Vélez de Guevara, Luis  |e author  |9 382916 
245 1 0 |a Más pesa el rey que la sangre 
246 1 0 |a Blasón de los Guzmanes 
300 |a 130 p 
942 |c BK 
945 |d 19981009 00:00:00  |a crobeson 
260 |a Zaragoza  |b Ebro  |c 1976 
650 0 |a Dramas españoles  |9 267081 
650 0 |a Literatura española  |9 306261 
583 |a last modification  |c 19981009 00:00:00  |k Rodrigo Vera 
490 0 |a Biblioteca Clásica Ebro. Clásicos Españoles, 134 
999 |c 276133  |d 276131 
952 |0 0  |1 0  |4 0  |6 862_000000000000000_VEL_1976  |7 0  |8 A  |9 313265  |a BIBEDU  |b BIBEDU  |d 2019-11-20  |i 1476165  |o 862 VEL 1976  |p 1476165  |r 2019-11-20  |w 2019-11-20  |y BK  |k LIT